Организация и планирование электротехнического производства; Управление электротехническим предприятием: учебник

Մատենագիտական մանրամասներ
Այլ հեղինակներ: Джурабаев К. Т. Кахраман Турсунович (редактор)
Լեզու:ռուսերեն
Հրապարակվել է: Москва, Высшая школа, 1989
Խորագրեր:
Ձևաչափ: Գիրք
KOHA link:https://koha.lib.tpu.ru/cgi-bin/koha/opac-detail.pl?biblionumber=51309

MARC

LEADER 00000nam0a2200000 4500
001 51309
005 20231031035258.0
010 |a 506000113X 
035 |a (RuTPU)RU\TPU\book\53728 
090 |a 51309 
100 |a 20030429d1989 m y0rusy50 ca 
101 0 |a rus 
102 |a RU 
105 |a a j 001zy 
200 1 |a Организация и планирование электротехнического производства  |a Управление электротехническим предприятием  |e учебник  |f Под ред. К. Т. Джурабаева 
210 |a Москва  |c Высшая школа  |d 1989 
215 |a 367 с.  |c ил. 
320 |a Библиогр.: с. 362-363 
610 1 |a электротехническое производство 
610 1 |a электротехнические предприятия 
610 1 |a организация 
610 1 |a планирование 
610 1 |a управление 
610 1 |a производственные процессы 
610 1 |a расчеты 
610 1 |a научная организация труда 
610 1 |a оплата труда 
610 1 |a учебники 
675 |a 621.31.002:658(075.8)  |v 3 
702 1 |a Джурабаев  |b К. Т.  |g Кахраман Турсунович  |4 340 
801 1 |a RU  |b 63413507  |c 20030429  |g PSBO 
801 2 |a RU  |b 63413507  |c 20201007  |g PSBO 
942 |c BK